000 01262cam a2200373 i 4500
001 68881
003 Mx-PuUPA
005 20260323131556.0
008 250821s2016 mx |||dr|||| 00| j spa d
020 _a9786072422568
020 _a9789687791760
_qde la colección El Barco de Vapor
040 _aMx-PuUPA
_bspa
_cMx-PuUPA
_dMx-PuUPA
_erda
041 0 _aspa
100 1 _aOrejel, Alfonso,
_d1961-
_913420
_eautor
245 1 3 _aLa niña del vestido antiguo y otras historias pavorosas /
_cAlfonso Oreje Soria
250 _aSegunda edición
264 1 _aCiudad de México :
_bSM de Ediciones,
_c2016
300 _a114 páginas ;
_c19 cm
336 _2rdacontent
_atexto
_btxt
337 _2rdamedia
_asin medio
_bn
338 _2rdacarrier
_avolumen
_bnc
490 1 _aEl barco de vapor. Roja ;
_v53 M
500 _aReimpresiones: (Primera, 2017).
521 1 _a12+
650 7 _2armarc
_aLiteratura mexicana
650 7 _2armarc
_aLiteratura infantil
650 7 _2armarc
_aCuentos de fantasmas
650 7 _2armarc
_aHistorias de terror
830 0 _aBarco de vapor
_pRoja
_v53 M
_912924
942 _2ddc
_cLI
_h863
_iB2655
999 _c68881
_d68881